[Event "Pula op 33rd"]
[Site "Pula"]
[Date "2019.06.24"]
[Round "4"]
[White "Tratar, Marko"]
[Black "Uwira, Oliver"]
[Result "1-0"]
[WhiteElo "2463"]
[BlackElo "2184"]
[PlyCount "69"]
[EventDate "2019.06.22"]
[EventType "swiss"]
[EventRounds "9"]
[EventCountry "CRO"]
[SourceTitle "CBM 191 Extra"]
[Source "ChessBase"]
[SourceDate "2019.09.30"]
[SourceVersion "1"]
[SourceVersionDate "2019.09.30"]
[SourceQuality "1"]

1. c4 e6 2. Nf3 d5 3. b3 Nf6 4. Bb2 Be7 5. e3 0-0 6. Nc3 c6 7. Qc2 Nbd7 8. d4 a6 9. Bd3 b5 10. c5 a5 11. a3 Qc7 12. h3 Re8 13. Ne2 Nf8 14. Ne5 N6d7 15. f4 f6 16. Nxd7 Qxd7 17. g4 Bd8 18. Ng1 e5 19. dxe5 fxe5 20. Bxe5 Bh4+ 21. Ke2 Bf6 22. Nf3 Qe7 23. Rae1 Bxe5 24. Nxe5 g5 25. Kd1 Ne6 26. Nxc6 Qxc5 27. Bxh7+ Kh8 28. Bg6 Qxc2+ 29. Kxc2 Rf8 30. f5 Bb7 31. Nd4 Rac8+ 32. Kb1 Nxd4 33. exd4 Rc3 34. Kb2 b4 35. h4 1-0

[Event "Hessen-ch"]
[Site "Frankfurt"]
[Date "2019.05.29"]
[Round "2"]
[White "Zude, Arno"]
[Black "Uwira, Oliver"]
[Result "1-0"]
[WhiteElo "2384"]
[BlackElo "2184"]
[PlyCount "59"]
[EventDate "2019.05.29"]
[EventType "swiss"]
[EventRounds "9"]
[EventCountry "GER"]
[SourceTitle "EXT 2020"]
[Source "ChessBase"]
[SourceDate "2019.10.17"]
[SourceVersion "1"]
[SourceVersionDate "2019.10.17"]
[SourceQuality "1"]

1. e4 c5 2. Nf3 Nc6 3. d4 cxd4 4. Nxd4 Nf6 5. Nc3 e5 6. Ndb5 d6 7. Bg5 a6 8. Na3 b5 9. Nd5 Be7 10. Bxf6 Bxf6 11. c3 0-0 12. Nc2 Rb8 13. h4 Ne7 14. Nxf6+ gxf6 15. Bd3 d5 16. exd5 Qxd5 17. Ne3 Qe6 18. Qh5 f5 19. Bc2 a5 20. g4 Qg6 21. Qg5 Qxg5 22. hxg5 fxg4 23. 0-0-0 Ng6 24. Nd5 Kg7 25. Nf6 Rh8 26. Nh5+ Kf8 27. Bxg6 Bb7 28. Bc2 Bxh1 29. Rxh1 Rg8 30. Nf6 1-0

[Event "Frankfurt-chA"]
[Site "Frankfurt"]
[Date "2019.05.06"]
[Round "2"]
[White "Li, Maxim"]
[Black "Uwira, Oliver"]
[Result "0-1"]
[WhiteElo "1932"]
[BlackElo "2143"]
[PlyCount "42"]
[EventDate "2019.04.29"]
[EventType "swiss"]
[EventRounds "7"]
[EventCountry "GER"]
[SourceTitle "EXT 2020"]
[Source "ChessBase"]
[SourceDate "2019.10.17"]
[SourceVersion "1"]
[SourceVersionDate "2019.10.17"]
[SourceQuality "1"]

1. e4 c5 2. Nf3 Nc6 3. Bb5 d6 4. 0-0 Bd7 5. c3 a6 6. Ba4 Nf6 7. Re1 e5 8. d3 g6 9. h3 Bg7 10. Be3 0-0 11. Qd2 Nd4 12. Bd1 Ne6 13. b4 Nh5 14. Bb3 Nef4 15. bxc5 Qf6 16. Bd1 dxc5 17. Bxc5 Rfc8 18. d4 Bh6 19. Qb2 Nd3 20. Qxb7 Bc6 21. dxe5 Bxb7 0-1

[Event "Frankfurt-chA"]
[Site "Frankfurt"]
[Date "2019.04.30"]
[Round "1"]
[White "Uwira, Oliver"]
[Black "Kirchmann, Sascha"]
[Result "1-0"]
[WhiteElo "2143"]
[BlackElo "1766"]
[PlyCount "59"]
[EventDate "2019.04.29"]
[EventType "swiss"]
[EventRounds "7"]
[EventCountry "GER"]
[SourceTitle "EXT 2020"]
[Source "ChessBase"]
[SourceDate "2019.10.17"]
[SourceVersion "1"]
[SourceVersionDate "2019.10.17"]
[SourceQuality "1"]

1. d4 d5 2. c4 e6 3. Nc3 Nf6 4. Bg5 Be7 5. e3 Nbd7 6. Nf3 c6 7. Qc2 0-0 8. Rd1 h6 9. Bh4 Nh5 10. Bxe7 Qxe7 11. g4 Nhf6 12. g5 Nh7 13. h4 f5 14. Rg1 hxg5 15. hxg5 g6 16. Kd2 b6 17. Kc1 Bb7 18. cxd5 exd5 19. Be2 Kg7 20. Kb1 Rh8 21. Bd3 Nhf8 22. Ne2 Ne6 23. Ng3 Raf8 24. Rh1 Rxh1 25. Rxh1 Rh8 26. Rg1 Rf8 27. Nh4 Kf7 28. Bxf5 Qxg5 29. Bxg6+ Kg8 30. Nhf5 1-0

[Event "Oberliga Ost-B 1819"]
[Site "Germany"]
[Date "2019.02.03"]
[Round "7.3"]
[White "Uwira, Oliver"]
[Black "Urban, Lars"]
[Result "1-0"]
[WhiteElo "2188"]
[BlackElo "2182"]
[PlyCount "95"]
[EventDate "2018.10.21"]
[EventType "team-tourn"]
[EventRounds "11"]
[EventCountry "GER"]
[SourceTitle "EXT 2020"]
[Source "ChessBase"]
[SourceDate "2019.10.17"]
[SourceVersion "1"]
[SourceVersionDate "2019.10.17"]
[SourceQuality "1"]
[WhiteTeam "Nied Koenig"]
[BlackTeam "Erfurt Empor"]
[WhiteTeamCountry "GER"]
[BlackTeamCountry "GER"]

1. d4 d5 2. c4 e6 3. Nc3 Bb4 4. Nf3 Nf6 5. cxd5 exd5 6. Bg5 h6 7. Bxf6 Qxf6 8. e3 0-0 9. Rc1 c6 10. Qb3 Bd6 11. Bd3 Nd7 12. 0-0 Qe7 13. e4 dxe4 14. Nxe4 Nf6 15. Nxd6 Qxd6 16. Rfe1 Rb8 17. Bc4 b5 18. Bf1 Be6 19. Qc3 Rfc8 20. Ne5 Bd5 21. Qg3 Qb4 22. b3 Rb6 23. Qf4 a5 24. Bd3 a4 25. Ng4 c5 26. Qf5 Re6 27. Nxf6+ gxf6 28. Rxe6 Bxe6 29. Qh7+ Kf8 30. d5 Qd2 31. dxe6 Qxc1+ 32. Bf1 fxe6 33. Qh8+ Kf7 34. Qxc8 axb3 35. axb3 c4 36. bxc4 bxc4 37. Qxc4 Qxc4 38. Bxc4 f5 39. f4 Kf6 40. Kf2 e5 41. Ke3 exf4+ 42. Kxf4 Kg6 43. Be6 Kf6 44. Bxf5 Ke7 45. Kg4 Kf6 46. Bc2 Kf7 47. Kh5 Kg7 48. g4 1-0

[Event "Oberliga Ost-B 1718"]
[Site "Germany"]
[Date "2018.02.25"]
[Round "8.1"]
[White "Feldtmann, Thomas"]
[Black "Uwira, Oliver"]
[Result "0-1"]
[WhiteElo "2221"]
[BlackElo "2251"]
[PlyCount "118"]
[EventDate "2017.10.22"]
[EventType "team-tourn"]
[EventRounds "11"]
[EventCountry "GER"]
[SourceTitle "EXT 2019"]
[Source "ChessBase"]
[SourceDate "2018.10.10"]
[SourceVersion "1"]
[SourceVersionDate "2018.10.10"]
[SourceQuality "1"]
[WhiteTeam "Marburg"]
[BlackTeam "Frankfurt Koenig Nied"]
[WhiteTeamCountry "GER"]
[BlackTeamCountry "GER"]

1. d4 Nf6 2. c4 c5 3. d5 b5 4. cxb5 a6 5. bxa6 g6 6. Nc3 Bxa6 7. e4 Bxf1 8. Kxf1 d6 9. Nf3 Bg7 10. h3 0-0 11. Kg1 Nbd7 12. Kh2 Qa5 13. Re1 Rfb8 14. Re2 Ne8 15. Rc2 Nc7 16. Bd2 Nb5 17. Nxb5 Qxb5 18. Bc3 Bxc3 19. bxc3 Ra4 20. Re2 Nf6 21. Nd2 Qa6 22. c4 Rxa2 23. Rxa2 Qxa2 24. e5 dxe5 25. d6 Qa7 26. Ne4 Nxe4 27. Rxe4 Rd8 28. Rxe5 Rxd6 29. Qg4 Qc7 30. g3 Rd4 31. Qg5 Rxc4 32. Qxe7 Qxe7 33. Rxe7 h5 34. h4 Kg7 35. Rc7 Kf6 36. Kg2 Rc3 37. Kg1 Ke6 38. Kg2 f6 39. Rc6+ Ke5 40. Kf1 Rc2 41. Kg2 Kf5 42. Kg1 g5 43. hxg5 fxg5 44. Rc8 h4 45. gxh4 gxh4 46. Rh8 Rc4 47. Kg2 Ke5 48. Rh5+ Kd6 49. Kf3 Ra4 50. Ke2 Kc6 51. Kd2 Kb5 52. Ke3 Ra3+ 53. Kd2 h3 54. Kc1 Kb4 55. Rh4+ c4 56. Kb1 Rf3 57. Rh8 Kb3 58. Kc1 Rxf2 59. Rxh3+ c3 0-1

[Event "Oberliga Ost-B 1718"]
[Site "Germany"]
[Date "2017.11.11"]
[Round "2.2"]
[White "Uwira, Oliver"]
[Black "Frolov, Artur"]
[Result "0-1"]
[WhiteElo "2251"]
[BlackElo "2403"]
[PlyCount "82"]
[EventDate "2017.10.22"]
[EventType "team-tourn"]
[EventRounds "11"]
[EventCountry "GER"]
[SourceTitle "EXT 2019"]
[Source "ChessBase"]
[SourceDate "2018.10.10"]
[SourceVersion "1"]
[SourceVersionDate "2018.10.10"]
[SourceQuality "1"]
[WhiteTeam "Frankfurt Koenig Nied"]
[BlackTeam "Kassel"]
[WhiteTeamCountry "GER"]
[BlackTeamCountry "GER"]

1. d4 Nf6 2. c4 c5 3. d5 e5 4. Nc3 d6 5. e4 g6 6. Nf3 Bg7 7. Be2 0-0 8. 0-0 Nh5 9. Re1 Nf4 10. Bf1 f6 11. a3 Na6 12. Rb1 Rf7 13. b4 g5 14. Nd2 g4 15. Nb3 b6 16. Bd2 f5 17. exf5 Bxf5 18. Ne4 Rc8 19. bxc5 Nxc5 20. Nbxc5 bxc5 21. Rb3 Rb8 22. Ng3 Rxb3 23. Qxb3 Bg6 24. Ne4 h6 25. Qg3 Qd7 26. Qh4 Bxe4 27. Rxe4 Qf5 28. Re1 Ng6 29. Qg3 e4 30. Re2 Bd4 31. Bc3 Nf4 32. Bxd4 cxd4 33. Re1 Nh5 34. Qh4 g3 35. Re2 d3 36. Rb2 e3 37. hxg3 d2 38. Be2 Qxf2+ 39. Kh2 Qxe2 40. Rb8+ Kg7 41. Qd8 Nf6 0-1

[Event "Oberliga Ost-B 1617"]
[Site "Germany"]
[Date "2017.02.18"]
[Round "6.1"]
[White "Uwira, Oliver"]
[Black "Kunin, Vitaly L"]
[Result "1/2-1/2"]
[WhiteElo "2254"]
[BlackElo "2595"]
[PlyCount "101"]
[EventDate "2016.10.16"]
[EventType "team-tourn"]
[EventRounds "11"]
[EventCountry "GER"]
[SourceTitle "EXT 2018"]
[Source "ChessBase"]
[SourceDate "2017.10.13"]
[SourceVersion "1"]
[SourceVersionDate "2017.10.13"]
[SourceQuality "1"]
[WhiteTeam "Frankfurt Koenig Nied"]
[BlackTeam "Moerlenbach Birkenau"]
[WhiteTeamCountry "GER"]
[BlackTeamCountry "GER"]

1. e4 c5 2. Nf3 d6 3. Bb5+ Nc6 4. 0-0 Bd7 5. Re1 a6 6. Bxc6 Bxc6 7. d4 cxd4 8. Qxd4 Nf6 9. Bg5 e6 10. Nc3 Be7 11. Nd5 Bxd5 12. exd5 e5 13. Qb4 Qc7 14. Bxf6 Bxf6 15. c4 0-0 16. Rad1 Rfc8 17. Nd2 b5 18. cxb5 axb5 19. Ne4 Be7 20. Nc3 Rcb8 21. a3 f5 22. Nxb5 Qa5 23. Qxa5 Rxa5 24. Nd4 exd4 25. Rxe7 Rxb2 26. g3 Rxd5 27. Rd3 g5 28. Ra7 g4 29. Ra4 Rb1+ 30. Kg2 Rc5 31. Raxd4 Rcc1 32. f4 Rg1+ 33. Kf2 Rbf1+ 34. Ke2 Re1+ 35. Kd2 Re6 36. Kc3 Rh1 37. Rxd6 Rxd6 38. Rxd6 Rxh2 39. a4 Kf7 40. a5 Ra2 41. Kb4 h5 42. Rh6 Rb2+ 43. Kc5 Rc2+ 44. Kb6 Rb2+ 45. Ka7 Rb3 46. Rxh5 Ke6 47. a6 Rxg3 48. Kb7 Rb3+ 49. Kc7 Rc3+ 50. Kb7 Rb3+ 51. Kc7 1/2-1/2

[Event "Frankfurt-chA"]
[Site "Frankfurt"]
[Date "2016.04.25"]
[Round "1"]
[White "Uwira, Oliver"]
[Black "Froehlich Dill, Astrid"]
[Result "1-0"]
[WhiteElo "2236"]
[BlackElo "1712"]
[PlyCount "110"]
[EventDate "2016.04.25"]
[EventType "swiss"]
[EventRounds "9"]
[EventCountry "GER"]
[SourceTitle "EXT 2018"]
[Source "ChessBase"]
[SourceDate "2017.10.13"]
[SourceVersion "1"]
[SourceVersionDate "2017.10.13"]
[SourceQuality "1"]

1. d4 Nf6 2. c4 e6 3. Nc3 b6 4. e4 Bb4 5. e5 Ne4 6. Qg4 f5 7. Qxg7 Rf8 8. a3 Qe7 9. Qxe7+ Bxe7 10. Nxe4 fxe4 11. Be3 a5 12. Ne2 d5 13. exd6 cxd6 14. Nc3 Bb7 15. Be2 Nd7 16. Bh5+ Kd8 17. Bg4 Rf6 18. 0-0 Rc8 19. d5 Ne5 20. Bxb6+ Ke8 21. Bxe6 Rxc4 22. Rae1 Nd3 23. Rxe4 Rxe4 24. Nxe4 Rxe6 25. dxe6 Bxe4 26. Bxa5 Bf5 27. Bc3 Bxe6 28. f4 Bc4 29. Rf3 d5 30. b4 Kf7 31. f5 Bd8 32. Bd4 Bf6 33. Bxf6 Kxf6 34. g4 Ne5 35. Rg3 d4 36. Kf2 Kg5 37. a4 Nxg4+ 38. Kf3 Bd5+ 39. Ke2 Bc4+ 40. Kd2 Kxf5 41. b5 Ne5 42. b6 Ba6 43. Rg7 Nc4+ 44. Kd3 Nxb6+ 45. Kxd4 h5 46. a5 Nc8 47. Kc5 Be2 48. Rc7 Kg4 49. Rxc8 Kh3 50. Kb6 Bf1 51. Rc2 h4 52. a6 Bg2 53. a7 Be4 54. Rb2 Bd5 55. Kc7 Bg2 1-0